[Event "58 POL Ch"]
[Site "Warszawa"]
[Date "2001.03.18"]
[Round "1"]
[White "Jaracz, Pawel"]
[Black "Cyborowski, Lukasz"]
[Result "0-1"]
[WhiteElo "2477"]
[BlackElo "2437"]
[PlyCount "58"]
[EventDate "2001.03.18"]
[Source "PolBase"]
[SourceDate "2001.03.21"]

1. e4 e5 2. Nf3 Nc6 3. Bb5 Nf6 4. d3 Bc5 5. O-O Nd4 6. Nxd4 Bxd4 7. c3 Bb6 8.
Bg5 h6 9. Bh4 c6 10. Ba4 d6 11. Nd2 g5 12. Bg3 Bg4 13. Qe1 h5 14. h3 h4 15. Bh2
Be6 16. d4 g4 17. hxg4 Nxg4 18. d5 Bd7 19. dxc6 bxc6 20. Qe2 Nxh2 21. Kxh2 Qg5
22. Nc4 Ke7 23. Qd3 Rh6 24. Bd1 Rg8 25. Bf3 h3 26. g3 Bxf2 27. g4 Bxg4 28. Rxf2
Bxf3 29. Qxf3 Qg2+ 0-1

[Event "58 POL Ch"]
[Site "Warszawa"]
[Date "2001.03.18"]
[Round "1"]
[White "Socko, Bartosz"]
[Black "Macieja, Bartlomiej"]
[Result "1/2-1/2"]
[WhiteElo "2557"]
[BlackElo "2583"]
[PlyCount "113"]
[EventDate "2001.03.18"]
[Source "PolBase"]
[SourceDate "2001.03.21"]

1. e4 c6 2. d4 d5 3. e5 Bf5 4. c3 e6 5. Be3 Nd7 6. Nd2 c5 7. Ngf3 Bg6 8. Be2
cxd4 9. cxd4 Ne7 10. Nh4 Rc8 11. Nxg6 hxg6 12. Qb3 Qb6 13. O-O Nc6 14. Rac1 Be7
15. f4 O-O 16. Qxb6 Nxb6 17. g4 Na5 18. Kf2 Na4 19. Rb1 Rc7 20. Bb5 Nb6 21. Bd3
Nac4 22. Nf3 Nxe3 23. Kxe3 a5 24. h4 a4 25. Ke2 a3 26. b3 Rfc8 27. f5 gxf5 28.
gxf5 Nd7 29. Rg1 Kh8 30. h5 Nf8 31. b4 exf5 32. Bxf5 Ne6 33. Rb3 Rc3 34. Rgb1
R8c4 35. Bxe6 fxe6 36. Rxc3 Rxc3 37. Ne1 Rc4 38. Ke3 Rxb4 39. Rxb4 Bxb4 40. Nd3
Be7 41. Ke2 Kg8 42. Nf4 Kf7 43. Kd3 Bg5 44. Ne2 Kg8 45. Nc3 Bc1 46. Nb5 Bb2 47.
Nd6 b6 48. Nb5 Kf7 49. Nd6+ Kf8 50. Nb5 Ke7 51. Nd6 Kd7 52. Nb5 Kc6 53. Na7+
Kb7 54. Nb5 Kc6 55. Na7+ Kc7 56. Nb5+ Kd7 57. Na7 1/2-1/2

[Event "58 POL Ch"]
[Site "Warszawa"]
[Date "2001.03.18"]
[Round "1"]
[White "Markowski, Tomasz"]
[Black "Urban, Klaudiusz"]
[Result "1/2-1/2"]
[WhiteElo "2595"]
[BlackElo "2434"]
[PlyCount "67"]
[EventDate "2001.03.18"]
[Source "PolBase"]
[SourceDate "2001.03.21"]

1. Nf3 g6 2. e4 Bg7 3. d4 d6 4. Bd3 c5 5. dxc5 dxc5 6. O-O Nc6 7. h3 Nf6 8. Qe2
O-O 9. e5 Nd5 10. c3 Qc7 11. Re1 Rd8 12. Bc2 a6 13. a4 Na5 14. Na3 Bd7 15. Bg5
Be6 16. Rad1 h6 17. Bc1 Nb6 18. Qe4 Rxd1 19. Rxd1 Nbc4 20. Nxc4 Nxc4 21. Re1
Rd8 22. Qh4 Nxe5 23. Nxe5 Bxe5 24. Bxh6 Bf6 25. Bg5 Bxg5 26. Qxg5 Rd5 27. Qe3
Kg7 28. Be4 Rd8 29. f4 Rd6 30. Qf2 Bd5 31. Bc2 e6 32. Qe3 Rd8 33. g3 b6 34. Rd1
1/2-1/2

[Event "58 POL Ch"]
[Site "Warszawa"]
[Date "2001.03.18"]
[Round "1"]
[White "Gdanski, Jacek"]
[Black "Kuczynski, Robert"]
[Result "1/2-1/2"]
[WhiteElo "2548"]
[BlackElo "2504"]
[PlyCount "85"]
[EventDate "2001.03.18"]
[Source "PolBase"]
[SourceDate "2001.03.21"]

1. e4 c5 2. Nc3 d6 3. f4 g6 4. Nf3 Bg7 5. Bc4 Nc6 6. O-O e6 7. d3 Nge7 8. Qe1
h6 9. Bd2 a6 10. a4 b6 11. Kh1 O-O 12. f5 gxf5 13. Qh4 d5 14. exd5 Nxd5 15.
Bxd5 exd5 16. Qg3 Kh7 17. Ne2 Rg8 18. Qh3 Bf8 19. Qh5 Ra7 20. Nh4 Qf6 21. Nxf5
Qg6 22. Nfg3 Bg4 23. Qxd5 Rd7 24. Qe4 Qxe4 25. Nxe4 Bg7 26. N2g3 Nd4 27. h3 f5
28. Nxc5 bxc5 29. hxg4 Nxc2 30. Rac1 Rxd3 31. Rxc2 Rxg3 32. gxf5 Bd4 33. Bc3
Bxc3 34. bxc3 R3g4 35. Re2 Rh4+ 36. Kg1 Rxa4 37. Re7+ Rg7 38. Rfe1 Rxe7 39.
Rxe7+ Kg8 40. Ra7 Rf4 41. Rxa6 Kg7 42. Ra7+ Kg8 43. Ra6 1/2-1/2

[Event "58 POL Ch"]
[Site "Warszawa"]
[Date "2001.03.18"]
[Round "1"]
[White "Grabarczyk, Miroslaw"]
[Black "Gajewski, Grzegorz"]
[Result "1/2-1/2"]
[WhiteElo "2495"]
[BlackElo "2352"]
[PlyCount "67"]
[EventDate "2001.03.18"]
[Source "PolBase"]
[SourceDate "2001.03.21"]

1. d4 Nf6 2. c4 e6 3. Nf3 b6 4. g3 Ba6 5. b3 Bb4+ 6. Bd2 Be7 7. Bg2 c6 8. Bc3
d5 9. Ne5 Nfd7 10. Nxd7 Nxd7 11. Nd2 O-O 12. O-O Nf6 13. Rc1 Rc8 14. Bb2 c5 15.
dxc5 bxc5 16. e3 Qa5 17. Qc2 Rfd8 18. a3 Qb6 19. Rfe1 Bb7 20. cxd5 exd5 21. e4
c4 22. Bxf6 Qxf6 23. exd5 Bxa3 24. Rcd1 Bxd5 25. Bxd5 Rxd5 26. Nxc4 Rxd1 27.
Rxd1 h5 28. h4 Bb4 29. Qe2 g6 30. Rd3 Kg7 31. Rf3 Re8 32. Re3 Rxe3 33. Qxe3 Bc3
34. Kg2 1/2-1/2

[Event "58 POL Ch"]
[Site "Warszawa"]
[Date "2001.03.18"]
[Round "1"]
[White "Kempinski, Robert"]
[Black "Bartel, Mateusz"]
[Result "1-0"]
[WhiteElo "2554"]
[BlackElo "2392"]
[PlyCount "147"]
[EventDate "2001.03.18"]
[Source "PolBase"]
[SourceDate "2001.03.21"]

1. d4 Nf6 2. c4 e6 3. Nf3 Bb4+ 4. Nbd2 c5 5. dxc5 O-O 6. e3 Nc6 7. a3 Bxc5 8.
b4 Be7 9. Be2 b6 10. O-O Bb7 11. Bb2 d6 12. Qb3 Qc7 13. Rac1 Rfd8 14. Bc3 Rac8
15. Qb2 Qb8 16. Rfd1 Qa8 17. Bf1 Ne8 18. a4 Bf6 19. a5 bxa5 20. b5 Bxc3 21.
Qxc3 Ne7 22. Ra1 Rc7 23. Rxa5 Qb8 24. Rda1 Nc8 25. Nd4 Nf6 26. Be2 Nd7 27. N2b3
Nc5 28. R5a2 e5 29. Nf3 f6 30. Nfd2 Ba8 31. Qc2 g6 32. Nxc5 Rxc5 33. Ne4 Bxe4
34. Qxe4 Rd7 35. h4 f5 36. Qf3 Qb7 37. Qg3 Rg7 38. Rd1 Qc7 39. e4 f4 40. Qh3 h5
41. Rad2 Qd7 42. Qa3 Qc7 43. Rd5 Kh7 44. Rxc5 dxc5 45. Qd3 Nb6 46. Qd6 Na4 47.
Qxc7 Rxc7 48. Rd6 Re7 49. Rc6 Kg7 50. Kf1 Kf7 51. Bd1 Nb2 52. Bc2 Rd7 53. Ke2
Kg7 54. Rxc5 Rd4 55. Rc7+ Kf8 56. c5 Nc4 57. Bd3 Nb2 58. Bc2 Nc4 59. Bb3 Nd2
60. Bf7 Nb1 61. g3 Nc3+ 62. Kf3 Rd3+ 63. Kg2 f3+ 64. Kh2 Nxb5 65. Rb7 Nd4 66.
Bxg6 Rd2 67. Bxh5 Rxf2+ 68. Kh3 Ne2 69. Kg4 Nd4 70. Kg5 Ra2 71. Rf7+ Kg8 72.
Rf6 Ra3 73. Kh6 Rc3 74. Bg6 1-0

[Event "58 POL Ch"]
[Site "Warszawa"]
[Date "2001.03.19"]
[Round "2"]
[White "Cyborowski, Lukasz"]
[Black "Krasenkow, Michal"]
[Result "1/2-1/2"]
[WhiteElo "2437"]
[BlackElo "2658"]
[PlyCount "34"]
[EventDate "2001.03.18"]
[Source "PolBase"]
[SourceDate "2001.03.21"]

1. d4 g6 2. Nf3 Bg7 3. c4 d6 4. Nc3 Bg4 5. e3 Nd7 6. Be2 Ngf6 7. O-O O-O 8. Qb3
Rb8 9. h3 Bxf3 10. Bxf3 e5 11. Bd2 Re8 12. Rad1 e4 13. Be2 Nf8 14. c5 d5 15.
Qa4 Re6 16. Qxa7 Ra8 17. Qxb7 Rb8 1/2-1/2

[Event "58 POL Ch"]
[Site "Warszawa"]
[Date "2001.03.19"]
[Round "2"]
[White "Bartel, Mateusz"]
[Black "Blehm, Pawel"]
[Result "1-0"]
[WhiteElo "2392"]
[BlackElo "2512"]
[PlyCount "80"]
[EventDate "2001.03.18"]
[Source "PolBase"]
[SourceDate "2001.03.21"]

1. e4 e5 2. Nf3 Nc6 3. Bb5 a6 4. Ba4 Nf6 5. O-O Be7 6. d3 b5 7. Bb3 d6 8. a4
Bg4 9. c3 Na5 10. Ba2 c5 11. Bg5 O-O 12. Nbd2 Rb8 13. axb5 axb5 14. h3 Bd7 15.
d4 Qc7 16. dxe5 dxe5 17. Nxe5 Qxe5 18. Nf3 Qc7 19. e5 Rb6 20. exf6 Bxf6 21. Re1
Bc8 22. Bb1 g6 23. Bh6 Rd8 24. Qe2 Bd7 25. Ba2 c4 26. Rad1 Re6 27. Qf1 Nc6 28.
Bb1 Rde8 29. Rxe6 Bxe6 30. Ng5 Bc8 31. Ne4 Be5 32. Bg5 Bf5 33. Kh1 Kg7 34. f4
h6 35. fxe5 hxg5 36. Nd6 Rxe5 37. Nxf5+ gxf5 38. Bxf5 Re3 39. Bb1 Qe5 40. Qf2
Re2 1-0

[Event "58 POL Ch"]
[Site "Warszawa"]
[Date "2001.03.19"]
[Round "2"]
[White "Gajewski, Grzegorz"]
[Black "Kempinski, Robert"]
[Result "0-1"]
[WhiteElo "2352"]
[BlackElo "2554"]
[PlyCount "124"]
[EventDate "2001.03.18"]
[Source "PolBase"]
[SourceDate "2001.03.21"]

1. e4 c5 2. Nf3 d6 3. d4 cxd4 4. Nxd4 Nf6 5. Nc3 a6 6. Be2 e6 7. O-O Be7 8. f4
Qc7 9. a4 Nc6 10. Be3 O-O 11. Qe1 Na5 12. Kh1 Nc4 13. Bc1 Bd7 14. b3 Na5 15.
Bb2 Nc6 16. Nxc6 Bxc6 17. Qg3 d5 18. exd5 exd5 19. Bd3 Rfe8 20. Ne2 Bd7 21. Be5
Qb6 22. Nd4 Bf8 23. a5 Qd8 24. c4 Ne4 25. Qe3 Nc5 26. cxd5 Nxd3 27. Qxd3 f6 28.
Rfe1 Rc8 29. d6 Kh8 30. b4 fxe5 31. fxe5 Bc6 32. Nxc6 Rxc6 33. Qd5 g6 34. Rad1
Qd7 35. Rf1 Bg7 36. Rf7 Qg4 37. Rdf1 Rd8 38. Rxb7 Rc2 39. e6 Qe2 40. Rbf7 Rd2
41. Qg5 R2xd6 42. e7 Rg8 43. Qf4 Rd1 44. h3 Rxf1+ 45. Qxf1 Qxf1+ 46. Rxf1 Re8
47. Rd1 Bf6 48. Rd6 Bxe7 49. Rxa6 Bxb4 50. Kh2 Re3 51. g4 Ra3 52. Ra8+ Kg7 53.
a6 Kh6 54. Kg2 Be7 55. Ra7 Bh4 56. Ra8 Rg3+ 57. Kh2 Rf3 58. Kg2 Rf2+ 59. Kg1
Ra2 60. Kh1 Kg5 61. Kg1 Kf4 62. Rh8 Kf3 0-1

[Event "58 POL Ch"]
[Site "Warszawa"]
[Date "2001.03.19"]
[Round "2"]
[White "Kuczynski, Robert"]
[Black "Grabarczyk, Miroslaw"]
[Result "1/2-1/2"]
[WhiteElo "2504"]
[BlackElo "2495"]
[PlyCount "33"]
[EventDate "2001.03.18"]
[Source "PolBase"]
[SourceDate "2001.03.21"]

1. e4 e5 2. Nf3 Nc6 3. Bb5 a6 4. Ba4 Nf6 5. O-O Be7 6. Re1 b5 7. Bb3 d6 8. c3
O-O 9. d3 Na5 10. Bc2 c5 11. Nbd2 Re8 12. Nf1 h6 13. h3 Bf8 14. d4 Nc6 15. Ng3
Bd7 16. d5 Ne7 17. a4 1/2-1/2

[Event "58 POL Ch"]
[Site "Warszawa"]
[Date "2001.03.19"]
[Round "2"]
[White "Urban, Klaudiusz"]
[Black "Gdanski, Jacek"]
[Result "0-1"]
[WhiteElo "2434"]
[BlackElo "2548"]
[PlyCount "182"]
[EventDate "2001.03.18"]
[Source "PolBase"]
[SourceDate "2001.03.21"]

1. d4 g6 2. c4 Bg7 3. Nf3 c5 4. d5 d6 5. Nc3 Bxc3+ 6. bxc3 f5 7. Qc2 Nf6 8. Nd2
Nbd7 9. e3 e5 10. dxe6 Ne5 11. Be2 Bxe6 12. O-O O-O 13. a4 Bd7 14. Nf3 Bc6 15.
Ng5 Qe7 16. f3 Rae8 17. Nh3 Nh5 18. Ra2 Nf7 19. Nf4 Nxf4 20. exf4 Qh4 21. Bd3
Re6 22. Bd2 Rfe8 23. Raa1 a5 24. Rf2 Kg7 25. Qb3 Nh6 26. Qb6 Qd8 27. Qxd8 Rxd8
28. Kf1 Ng8 29. Re2 Rxe2 30. Kxe2 Nf6 31. Bc2 Re8+ 32. Kf2 Kf7 33. Rd1 Nd7 34.
Rb1 h5 35. g3 Ra8 36. h3 Ra6 37. Ra1 Nb6 38. Bb3 Ra8 39. Ra2 Bd7 40. Rb2 Be6
41. Ba2 Ra6 42. Ke2 Bd7 43. Bb3 Ra7 44. Ra2 Ke7 45. Kd3 Bc6 46. Bd1 Kd7 47. Be3
Ra8 48. Bf2 Kc7 49. Ra1 Re8 50. h4 Bd7 51. Bb3 Re7 52. Ra2 Be8 53. Ra1 Bc6 54.
Bd1 Nd7 55. Ra2 Nf6 56. Ra1 Re8 57. Ra2 Ra8 58. Ra1 Ra6 59. Rb1 Rb6 60. Rb5 Ra6
61. Rb2 Ra8 62. Ra2 Rd8 63. Ra1 Be8 64. Bb3 Bf7 65. Re1 Re8 66. Rb1 Kc6 67. Rb2
Re7 68. Rd2 Nd7 69. Rb2 Nb6 70. Rd2 Rd7 71. Re2 d5 72. cxd5+ Bxd5 73. Bxd5+
Rxd5+ 74. Kc2 Nxa4 75. c4 Rd6 76. Be1 Nb6 77. Kc3 Na4+ 78. Kc2 Nb6 79. Kc3 Nd7
80. Bf2 Nf6 81. Re7 b5 82. cxb5+ Kxb5 83. Rb7+ Rb6 84. Rxb6+ Kxb6 85. Kc4 Nd7
86. Kd5 a4 87. Be1 Kb5 88. Bc3 a3 89. Ke6 Kc4 90. Ba1 Kd3 91. g4 c4 0-1

[Event "58 POL Ch"]
[Site "Warszawa"]
[Date "2001.03.19"]
[Round "2"]
[White "Macieja, Bartlomiej"]
[Black "Markowski, Tomasz"]
[Result "1/2-1/2"]
[WhiteElo "2583"]
[BlackElo "2595"]
[PlyCount "28"]
[EventDate "2001.03.18"]
[Source "PolBase"]
[SourceDate "2001.03.21"]

1. e4 d6 2. d4 Nf6 3. Nc3 g6 4. Bg5 Bg7 5. f4 O-O 6. Qd2 c5 7. dxc5 dxc5 8.
O-O-O Qxd2+ 9. Rxd2 Nc6 10. Bc4 Nh5 11. Nd5 Be6 12. Ne2 Nf6 13. Nec3 Kh8 14.
Rhd1 Nd4 1/2-1/2

[Event "58 POL Ch"]
[Site "Warszawa"]
[Date "2001.03.19"]
[Round "2"]
[White "Jaracz, Pawel"]
[Black "Socko, Bartosz"]
[Result "1/2-1/2"]
[WhiteElo "2477"]
[BlackElo "2557"]
[PlyCount "32"]
[EventDate "2001.03.18"]
[Source "PolBase"]
[SourceDate "2001.03.21"]

1. e4 e6 2. d4 d5 3. Nd2 Nf6 4. e5 Nfd7 5. Bd3 c5 6. c3 b6 7. Nh3 Ba6 8. Bxa6
Nxa6 9. O-O Nc7 10. Qh5 g6 11. Qg4 Be7 12. Nf3 h6 13. b3 Rc8 14. Nf4 h5 15. Qg3
g5 16. Ne2 g4 1/2-1/2

[Event "58 POL Ch"]
[Site "Warszawa"]
[Date "2001.03.20"]
[Round "3"]
[White "Socko, Bartosz"]
[Black "Cyborowski, Lukasz"]
[Result "0-1"]
[WhiteElo "2557"]
[BlackElo "2437"]
[PlyCount "104"]
[EventDate "2001.03.18"]
[Source "PolBase"]
[SourceDate "2001.03.21"]

1. e4 e5 2. Nf3 Nc6 3. Bb5 Nf6 4. O-O Nxe4 5. d4 Nd6 6. Bg5 Be7 7. Bxe7 Qxe7 8.
Bxc6 dxc6 9. dxe5 Nf5 10. Nc3 O-O 11. Qd2 Nh4 12. Nxh4 Qxh4 13. f4 Bf5 14. Qf2
Qe7 15. Rfe1 Qb4 16. Rab1 Rad8 17. a3 Qc4 18. Rbd1 a5 19. Re2 Bg4 20. Rxd8 Rxd8
21. Rd2 Rxd2 22. Qxd2 Qc5+ 23. Kf1 h6 24. Qd8+ Kh7 25. Qd3+ Kg8 26. Ne4 Qd5 27.
Nf2 Be6 28. b3 g5 29. Qe3 Qb5+ 30. Ke1 gxf4 31. Qxf4 Qc5 32. Kd2 Qd5+ 33. Kc1
Qxg2 34. Ne4 Kg7 35. Kb2 Qg4 36. Qe3 Bf5 37. Nf6 Qg2 38. Qc3 Kg6 39. h4 h5 40.
Ne8 Qh3 41. Qd4 Qh2 42. Qc5 Qxh4 43. Nxc7 Qd8 44. Qg1+ Bg4 45. Qb6 Bf5 46. Qxb7
Qd4+ 47. Kc1 Qe3+ 48. Kb2 Qxe5+ 49. Kc1 Qe3+ 50. Kb2 Qc5 51. c4 Qd4+ 52. Kc1
Qc3+ 0-1

[Event "58 POL Ch"]
[Site "Warszawa"]
[Date "2001.03.20"]
[Round "3"]
[White "Markowski, Tomasz"]
[Black "Jaracz, Pawel"]
[Result "1-0"]
[WhiteElo "2595"]
[BlackElo "2477"]
[PlyCount "155"]
[EventDate "2001.03.18"]
[Source "PolBase"]
[SourceDate "2001.03.21"]

1. g3 d5 2. Nf3 Nf6 3. Bg2 e6 4. O-O Be7 5. c4 O-O 6. d4 dxc4 7. Ne5 Nc6 8.
Nxc6 bxc6 9. e3 Nd5 10. Qa4 Nb6 11. Qc2 Rb8 12. Rd1 a5 13. Nd2 Ba6 14. b3 cxb3
15. Nxb3 Bb5 16. a4 Bxa4 17. Rxa4 Nxa4 18. Nxa5 Nb6 19. Nxc6 Qd7 20. Nxb8 Rxb8
21. Bd2 Bd6 22. Rb1 h5 23. h4 Qe7 24. Qc6 Qd8 25. Ba5 g6 26. Bf3 Nd7 27. Bc3
Nb6 28. Kg2 Bf8 29. Be1 Nd7 30. Rc1 Bd6 31. Ba5 Nb6 32. e4 e5 33. dxe5 Bxe5 34.
Rd1 Qe7 35. Be2 Bg7 36. Rc1 Na8 37. Bc4 Kh7 38. Bd2 Bh6 39. Bxh6 Kxh6 40. Be2
Rd8 41. Rc5 Qd6 42. Qb5 Kg7 43. e5 Qe7 44. Qc6 Rd2 45. Bf3 Ra2 46. Bd5 Ra1 47.
Bb3 Ra3 48. Rc3 Qxe5 49. Rf3 Rxb3 50. Rxb3 Nb6 51. Rd3 Kf8 52. Kh2 Kg7 53. Re3
Qf6 54. Qc2 Nd5 55. Rb3 c6 56. Kg2 Qe6 57. Ra3 Kh7 58. Ra4 Qd6 59. Rc4 Ne7 60.
Kh2 Kg8 61. Qb2 Nd5 62. Ra4 Nf6 63. Ra8+ Kh7 64. Qb3 Qd7 65. Kg2 Kg7 66. Ra5
Nd5 67. Qb2+ f6 68. Qd4 Qe6 69. Ra7+ Ne7 70. Kh2 Kf7 71. Qc5 Qe2 72. Rb7 Qe6
73. Rb2 Qe4 74. Qa5 Qe5 75. Qa2+ Qd5 76. Qa6 Qd7 77. Re2 Qd1 78. Qc4+ 1-0

[Event "58 POL Ch"]
[Site "Warszawa"]
[Date "2001.03.20"]
[Round "3"]
[White "Gdanski, Jacek"]
[Black "Macieja, Bartlomiej"]
[Result "1/2-1/2"]
[WhiteElo "2548"]
[BlackElo "2583"]
[PlyCount "37"]
[EventDate "2001.03.18"]
[Source "PolBase"]
[SourceDate "2001.03.21"]

1. e4 c6 2. d4 d5 3. exd5 cxd5 4. c4 Nf6 5. Nc3 e6 6. Nf3 Bb4 7. cxd5 Nxd5 8.
Bd2 Nc6 9. Bd3 Be7 10. O-O O-O 11. a3 Bf6 12. Qe2 Nxd4 13. Nxd4 Bxd4 14. Bxh7+
Kxh7 15. Qd3+ Kg8 16. Qxd4 Nb6 17. Be3 Qxd4 18. Bxd4 Nd5 19. Nxd5 1/2-1/2

[Event "58 POL Ch"]
[Site "Warszawa"]
[Date "2001.03.20"]
[Round "3"]
[White "Grabarczyk, Miroslaw"]
[Black "Urban, Klaudiusz"]
[Result "1/2-1/2"]
[WhiteElo "2495"]
[BlackElo "2434"]
[PlyCount "51"]
[EventDate "2001.03.18"]
[Source "PolBase"]
[SourceDate "2001.03.21"]

1. d4 g6 2. c4 Bg7 3. g3 c6 4. Bg2 d5 5. cxd5 cxd5 6. Nc3 e6 7. Nf3 Nc6 8. O-O
Nge7 9. b3 O-O 10. e3 Bd7 11. Bb2 Rc8 12. Qd2 Qa5 13. Rfc1 Rfd8 14. Bf1 Nf5 15.
a3 Qc7 16. Na4 Qb8 17. Nc5 Be8 18. Rc2 Nd6 19. Rac1 b6 20. Na6 Qb7 21. Qd1 Bf8
22. a4 Ne4 23. Nd2 Nxd2 24. Qxd2 Bd6 25. Bb5 Ne7 26. Bf1 1/2-1/2

[Event "58 POL Ch"]
[Site "Warszawa"]
[Date "2001.03.20"]
[Round "3"]
[White "Kempinski, Robert"]
[Black "Kuczynski, Robert"]
[Result "1-0"]
[WhiteElo "2554"]
[BlackElo "2504"]
[PlyCount "67"]
[EventDate "2001.03.18"]
[Source "PolBase"]
[SourceDate "2001.03.21"]

1. d4 d5 2. c4 c6 3. Nc3 Nf6 4. Nf3 e6 5. e3 Nbd7 6. Qc2 b6 7. Bd3 Bb7 8. O-O
Be7 9. a3 O-O 10. b4 dxc4 11. Bxc4 c5 12. dxc5 bxc5 13. b5 Qc7 14. Bb2 Bxf3 15.
gxf3 Qe5 16. Ne4 Qh5 17. Kg2 Nxe4 18. Qxe4 Bf6 19. Bxf6 Nxf6 20. Qf4 Nd5 21.
Qg3 Nb6 22. Be2 c4 23. a4 Rfc8 24. Rfc1 c3 25. a5 Nd5 26. e4 Nb4 27. b6 axb6
28. axb6 Rxa1 29. Rxa1 e5 30. b7 Rf8 31. Bb5 Qh6 32. Qxe5 Qg6+ 33. Kh1 Qb6 34.
Ra8 1-0

[Event "58 POL Ch"]
[Site "Warszawa"]
[Date "2001.03.20"]
[Round "3"]
[White "Blehm, Pawel"]
[Black "Gajewski, Grzegorz"]
[Result "1-0"]
[WhiteElo "2512"]
[BlackElo "2352"]
[PlyCount "55"]
[EventDate "2001.03.18"]
[Source "PolBase"]
[SourceDate "2001.03.21"]

1. e4 c5 2. Nf3 e6 3. d4 cxd4 4. Nxd4 a6 5. Nc3 b5 6. Bd3 Qb6 7. Be3 Bc5 8. Be2
Nc6 9. Nxc6 Bxe3 10. fxe3 dxc6 11. Qd4 Qxd4 12. exd4 e5 13. d5 Ne7 14. O-O-O
Bd7 15. b4 Ra7 16. Rd2 O-O 17. Kb2 cxd5 18. exd5 Nc8 19. d6 Bc6 20. Rhd1 Rd8
21. a4 bxa4 22. Nd5 f6 23. c4 Rxd6 24. Bg4 Bd7 25. Bxd7 Raxd7 26. c5 Rxd5 27.
Rxd5 Rc7 28. Rd7 1-0

[Event "58 POL Ch"]
[Site "Warszawa"]
[Date "2001.03.21"]
[Round "4"]
[White "Cyborowski, Lukasz"]
[Black "Bartel, Mateusz"]
[Result "1/2-1/2"]
[WhiteElo "2437"]
[BlackElo "2392"]
[PlyCount "67"]
[EventDate "2001.03.18"]
[Source "PolBase"]
[SourceDate "2001.03.21"]

1. e4 e6 2. Qe2 c5 3. Nf3 Nc6 4. g3 g6 5. Bg2 Bg7 6. d3 Nge7 7. h4 h6 8. O-O d5
9. e5 Qc7 10. Re1 Nd4 11. Nxd4 cxd4 12. c4 dxc4 13. dxc4 O-O 14. Bf4 Rd8 15.
Nd2 d3 16. Qe4 Nf5 17. Nf3 Bd7 18. Qxd3 Bb5 19. Qe4 Qxc4 20. Qxb7 Bc6 21. Qc7
Qa6 22. Bf1 Qc8 23. Qxc8 Raxc8 24. Be2 Bxf3 25. Bxf3 Nd4 26. Be4 Nc2 27. Bxc2
Rxc2 28. b3 Rd5 29. Rec1 Rb2 30. Rc8+ Kh7 31. Rc7 g5 32. hxg5 hxg5 33. Be3 Kg6
34. Rxa7 1/2-1/2

[Event "58 POL Ch"]
[Site "Warszawa"]
[Date "2001.03.21"]
[Round "4"]
[White "Gajewski, Grzegorz"]
[Black "Krasenkow, Michal"]
[Result "0-1"]
[WhiteElo "2352"]
[BlackElo "2658"]
[PlyCount "78"]
[EventDate "2001.03.18"]
[Source "PolBase"]
[SourceDate "2001.03.21"]

1. e4 g6 2. d4 Bg7 3. Nf3 d6 4. Nc3 Nf6 5. h3 c6 6. a4 a5 7. Be2 Na6 8. O-O O-O
9. Be3 Nb4 10. Nd2 Qc7 11. Ncb1 Bd7 12. Na3 Rfb8 13. f4 b5 14. Qe1 bxa4 15. Qh4
e6 16. g4 c5 17. dxc5 d5 18. e5 Ne4 19. Nf3 Bf8 20. Nd4 Bxc5 21. Kh1 Qd8 22.
Qxd8+ Rxd8 23. Kh2 Rab8 24. Rfd1 Nc6 25. Bf3 Nxd4 26. Bxd4 Rb4 27. Bxc5 Nxc5
28. Kg3 Rxb2 29. f5 Rdb8 30. f6 Be8 31. Rab1 Nd7 32. Rxb2 Rxb2 33. Kf4 Rb4+ 34.
c4 g5+ 35. Kxg5 Rb3 36. Nb5 Rxf3 37. cxd5 Nxe5 38. Nc7 Bd7 39. Re1 h6+ 0-1

[Event "58 POL Ch"]
[Site "Warszawa"]
[Date "2001.03.21"]
[Round "4"]
[White "Kuczynski, Robert"]
[Black "Blehm, Pawel"]
[Result "1/2-1/2"]
[WhiteElo "2504"]
[BlackElo "2512"]
[PlyCount "63"]
[EventDate "2001.03.18"]
[Source "PolBase"]
[SourceDate "2001.03.21"]

1. e4 c5 2. Nf3 Nc6 3. Bb5 d6 4. O-O Bd7 5. Re1 Nf6 6. c3 a6 7. Bf1 Bg4 8. d3
g6 9. Nbd2 Bh6 10. h3 Bxf3 11. Nxf3 Bxc1 12. Qxc1 O-O 13. d4 e5 14. dxc5 dxc5
15. Qh6 Qe7 16. Ng5 Nd8 17. Bc4 Re8 18. a4 Qf8 19. Qxf8+ Kxf8 20. a5 h6 21. Nf3
Nc6 22. Nd2 Rac8 23. Bb3 Red8 24. Nc4 Ne8 25. Ba4 f6 26. Nb6 Rc7 27. Nd5 Rcd7
28. Nb6 Rc7 29. Red1 Rxd1+ 30. Bxd1 Ne7 31. Nc4 Nc8 32. Bc2 1/2-1/2

[Event "58 POL Ch"]
[Site "Warszawa"]
[Date "2001.03.21"]
[Round "4"]
[White "Urban, Klaudiusz"]
[Black "Kempinski, Robert"]
[Result "1/2-1/2"]
[WhiteElo "2434"]
[BlackElo "2554"]
[PlyCount "151"]
[EventDate "2001.03.18"]
[Source "PolBase"]
[SourceDate "2001.03.21"]

1. g3 Nf6 2. Bg2 d5 3. Nf3 g6 4. c4 Bg7 5. Qa4+ Qd7 6. Qxd7+ Nbxd7 7. cxd5 Nxd5
8. Nc3 N7b6 9. O-O O-O 10. Nxd5 Nxd5 11. d4 Rd8 12. Rd1 Bf5 13. Ne1 Bg4 14. Kf1
c6 15. Nc2 Nb6 16. b3 a5 17. h3 Be6 18. Rb1 Nd5 19. Bd2 b5 20. e4 Nc7 21. Bf4
Na6 22. Rbc1 Rac8 23. g4 h5 24. d5 cxd5 25. exd5 Bd7 26. Ne3 Rxc1 27. Rxc1 hxg4
28. hxg4 Nb4 29. Rd1 Nxa2 30. Bc7 Rc8 31. Bxa5 Be5 32. Bf3 Nc1 33. b4 Nb3 34.
Bb6 Bc3 35. Kg2 Bxb4 36. Rb1 Bc5 37. Bxc5 Nxc5 38. Be2 Rb8 39. Rc1 Ne4 40. Rc7
Rd8 41. Kf3 Nd6 42. Nc2 Kf8 43. Nb4 Ke8 44. Nd3 Rc8 45. Rxc8+ Bxc8 46. Ke3 Kd8
47. Kd4 Bd7 48. f4 Kc7 49. Kc5 Nb7+ 50. Kb4 Kb6 51. g5 f6 52. Bf1 Bf5 53. Nf2
Nd6 54. Nd1 fxg5 55. fxg5 Ne4 56. Bxb5 Nxg5 57. Ne3 Bb1 58. Be2 Nf7 59. Kc4
Nd6+ 60. Kd4 Kc7 61. Ke5 Kd7 62. Nc4 Nf7+ 63. Kd4 Ke8 64. Bg4 Kf8 65. Be6 Nd6
66. Ne3 Kg7 67. Ke5 Ne4 68. Kf4 Nd2 69. Ke5 Ne4 70. Nc4 Ng5 71. d6 exd6+ 72.
Nxd6 Bc2 73. Bg4 Nh7 74. Nf5+ Kf8 75. Nh4 Ng5 76. Nxg6+ 1/2-1/2

[Event "58 POL Ch"]
[Site "Warszawa"]
[Date "2001.03.21"]
[Round "4"]
[White "Macieja, Bartlomiej"]
[Black "Grabarczyk, Miroslaw"]
[Result "1/2-1/2"]
[WhiteElo "2583"]
[BlackElo "2495"]
[PlyCount "97"]
[EventDate "2001.03.18"]
[Source "PolBase"]
[SourceDate "2001.03.21"]

1. e4 e5 2. Nf3 Nc6 3. d4 exd4 4. Nxd4 Bc5 5. Nxc6 Qf6 6. Qd2 dxc6 7. Nc3 Ne7
8. Na4 Bd6 9. f4 O-O 10. Qf2 Qe6 11. Bd3 f5 12. e5 Nd5 13. O-O Be7 14. Nc5 Qf7
15. a3 Bxc5 16. Qxc5 Be6 17. Rd1 Rfd8 18. Be2 Qe8 19. c4 b6 20. Qf2 Ne7 21. Be3
a5 22. Rxd8 Rxd8 23. b4 Ra8 24. b5 c5 25. Rd1 Rd8 26. Rxd8 Qxd8 27. Qf3 c6 28.
bxc6 Qc7 29. Bf2 Qxc6 30. Qxc6 Nxc6 31. Kf1 Kf8 32. Ke1 Kf7 33. Kd2 Ke8 34. Kc3
Kd7 35. Bf3 g6 36. h3 h5 37. Bd1 Kc7 38. Ba4 Bd7 39. Bc2 Be6 40. Bd3 Kd7 41.
Be2 Nb8 42. Kd3 Nc6 43. Bd1 Kc7 44. Be1 Kd7 45. Bc3 Kc7 46. Be2 Kd7 47. Ke3 Ke7
48. Bd3 Kf7 49. Be2 1/2-1/2

[Event "58 POL Ch"]
[Site "Warszawa"]
[Date "2001.03.21"]
[Round "4"]
[White "Jaracz, Pawel"]
[Black "Gdanski, Jacek"]
[Result "1/2-1/2"]
[WhiteElo "2477"]
[BlackElo "2548"]
[PlyCount "89"]
[EventDate "2001.03.18"]
[Source "PolBase"]
[SourceDate "2001.03.21"]

1. e4 e6 2. d4 d5 3. Nd2 c5 4. exd5 Qxd5 5. Ngf3 cxd4 6. Bc4 Qd6 7. O-O Nf6 8.
Nb3 Nc6 9. Nbxd4 Nxd4 10. Nxd4 a6 11. Re1 Qc7 12. Bb3 Bd6 13. h3 O-O 14. Bg5 b5
15. c3 Bb7 16. Bc2 Nd5 17. Be4 Rfe8 18. Qd3 g6 19. Rad1 Rac8 20. a3 Bh2+ 21.
Kh1 Bf4 22. Bh4 Be5 23. Bg5 Bg7 24. h4 h6 25. Bc1 Rcd8 26. Qh3 e5 27. Nf3 f5
28. Bb1 e4 29. Nd4 h5 30. Ba2 Kh8 31. Bg5 Rd7 32. Bxd5 Bxd5 33. Qe3 Kh7 34. Ne2
Bb3 35. Rxd7 Qxd7 36. Nf4 Rc8 37. Nh3 Qc7 38. Re2 Qc6 39. Rd2 Bf8 40. Bf4 Bc5
41. Qg3 Be7 42. Be3 Bf7 43. Qf4 Kg8 44. Qe5 Kh7 45. Qf4 1/2-1/2